| 000 | 00387nam a2200157Ia 4500 | ||
|---|---|---|---|
| 003 | Ost | ||
| 005 | 20260225132542.0 | ||
| 008 | 260225s9999||||xx |||||||||||||| ||und|| | ||
| 040 | _cfsic | ||
| 041 | _afre | ||
| 082 | _a440 | ||
| 100 |
_aMidhel cardoze _eAuteur |
||
| 245 | 0 | _aNouveau voyage à L'interieur du parti communiste Français / | |
| 245 | 0 | _cMidhel cardoze | |
| 942 | _cكتاب | ||
| 999 |
_c33579 _d33579 |
||